Statistics for Famous People Who Appeared in Robot Chicken #1

Click here to take the quiz!

General Stats

  • This quiz has been taken 20 times
  • The average score is 3 of 15

Answer Stats

Answer% Correct
Stan Lee
94%
Donald Glover
50%
Sam Elliott
44%
Gary Coleman
38%
Alexandria Daddario
25%
John C. McGinley
13%
Steve Aoki
13%
Robert Carradine
6%
Robert Culp
6%
Robert Kirkman
6%
Jim Meskimen
0%
John Moschitta, Jr.
0%
Robert Kazinsky
0%
Robert Smigel
0%
Tom Kane
0%

Score Distribution

Percentile by Number Answered

Percent of People with Each Score

Your Score History

You have not taken this quiz